Beytrag zur Geschichte der Einimpfung in Rußland // Joachim Christian Grots ... Kanzelvorträge über die Blattereinimpfung veranlaβt durch das jährliche Dankfest wegen ihres glücklichen Erfolgs an Ihro Kaiserlichen Majestät Katharina der Zweyten und an Sr. Kaiserlichen Hoheit Paul Petrowitsch, nebst einem Beytrage zur Geschichte der Blattereinimpfung in Ruβland und einem Anhange über die Tödlichkeit der Pocken in Petersburg, zur Untersuchung der Frage über ihre Unschädlichkeit in Ruβland (Запись № 10405721)
[ простой вид ]
| 000 -МАРКЕР | |
|---|---|
| контрольное поле | 01350naa2a22002051 4500 |
| 001 - ИДЕНТИФИКАТОР ЗАПИСИ | |
| контрольное поле | RU\NLR\KADK\57141 |
| 005 - ИДЕНТИФИКАТОР ВЕРСИИ | |
| контрольное поле | 20240728224628.0 |
| 035 ## - ДРУГИЕ СИСТЕМНЫЕ НОМЕРА | |
| Идентификатор записи | (NLR Aleph) 009866868 |
| 100 ## - ДАННЫЕ ОБЩЕЙ ОБРАБОТКИ | |
| Данные общей обработки | 20020123d1781 u y0rusy50 ba |
| 101 0# - ЯЗЫК РЕСУРСА | |
| Язык текста, звукозаписи и т.д. | немецкий |
| 102 ## - СТРАНА ПУБЛИКАЦИИ ИЛИ ПРОИЗВОДСТВА | |
| Страна публикации | российская федерация |
| 200 1# - ЗАГЛАВИЕ И СВЕДЕНИЯ ОБ ОТВЕТСТВЕННОСТИ | |
| Основное заглавие | Beytrag zur Geschichte der Einimpfung in Rußland |
| Первые сведения об ответственности | Von Joachim Christian Grot |
| 463 #0 - УРОВЕНЬ ФИЗИЧЕСКОЙ ЕДИНИЦЫ | |
| Встроенное поле | 001RU\NLR\KADK\53015 |
| -- | 2001#$a... Kanzelvorträge über die Blattereinimpfung |
| -- | 210##$aSt. Petersburg [St.- Peterburg] etc.$d1781 |
| -- | 215##$aС. 323-380 |
| -- | 700#1$aGrot$bJ. Chr.$4070 |
| Системный номер (АБИС) связанной записи | 10391619 |
| Автор | Grot, J. Ch. (1733-1800) |
| Место публикации | St. Petersburg [St.- Peterburg] etc. |
| Дата публикации | 1781 |
| Имя издателя, распространителя и т.д. | Bey J.F. Hartknoch |
| Физическая характеристика | XLVIII, 440 с. |
| Заглавие | Joachim Christian Grots ... Kanzelvorträge über die Blattereinimpfung veranlaβt durch das jährliche Dankfest wegen ihres glücklichen Erfolgs an Ihro Kaiserlichen Majestät Katharina der Zweyten und an Sr. Kaiserlichen Hoheit Paul Petrowitsch, nebst einem Beytrage zur Geschichte der Blattereinimpfung in Ruβland und einem Anhange über die Tödlichkeit der Pocken in Petersburg, zur Untersuchung der Frage über ihre Unschädlichkeit in Ruβland |
| 700 #1 - ИМЯ ЛИЦА - ПЕРВИЧНАЯ ОТВЕТСТВЕННОСТЬ | |
| Начальный элемент ввода | Grot |
| Часть имени, кроме начального элемента ввода | J. Chr. |
| Даты | 1733-1800 |
| Расширение инициалов личного имени | Joachim Christian |
| Код отношения | Автор |
| 801 #0 - ИСТОЧНИК ЗАПИСИ | |
| Страна | российская федерация |
| Организация | rnb |
| Дата составления | 20020123 |
| 852 ## - МЕСТОНАХОЖДЕНИЕ И ШИФР ХРАНЕНИЯ | |
| Идентификатор организации | NLR |
| Наименование фонда или коллекции (Sub-Location Identifier) | Б-ка 1-го Кадет. Корп. |
| Шифр хранения (Call Number) | Рэ ШК / G-881 O2 |
| 942 ## - ДОПОЛНИТЕЛЬНЫЕ ЭЛЕМЕНТЫ ЗАПИСИ (АБИС) | |
| Тип экземпляра АБИС | Книга |
| 980 ## - КОЛЛЕКЦИЯ | |
| Название коллекции | Библиотека 1-го Кадетского корпуса |
Нет доступных экземпляров.